Nursing 1 (Registro nro. 3754)
[ vista simple ]
| 000 -CABECERA | |
|---|---|
| campo de control de longitud fija | 00739cam a22002655a 4500 |
| 001 - NÚMERO DE CONTROL | |
| campo de control | Rebiun11874823 |
| 003 - IDENTIFICADOR DEL NÚMERO DE CONTROL | |
| campo de control | AR-RoIUNI |
| 005 - FECHA Y HORA DE LA ÚLTIMA TRANSACCIÓN | |
| campo de control | 20241122062837.0 |
| 007 - CAMPO FIJO DE DESCRIPCIÓN FÍSICA--INFORMACIÓN GENERAL | |
| campo de control de longitud fija | ta |
| 008 - DATOS DE LONGITUD FIJA--INFORMACIÓN GENERAL | |
| campo de control de longitud fija | 112908s2007 xxka 000 0 eng d |
| 020 ## - NÚMERO INTERNACIONAL ESTÁNDAR DEL LIBRO | |
| Número Internacional Estándar del Libro | 9780194569774 |
| 040 ## - FUENTE DE LA CATALOGACIÓN | |
| Centro catalogador/agencia de origen | UGR |
| Centro/agencia transcriptor | AR-RoIUNI |
| 080 ## - NÚMERO DE LA CLASIFICACIÓN DECIMAL UNIVERSAL | |
| Número de la Clasificación Decimal Universal | 802.0 GRI |
| 100 1# - ENTRADA PRINCIPAL--NOMBRE DE PERSONA | |
| Nombre de persona | Grice, Tony |
| 245 10 - MENCIÓN DE TÍTULO | |
| Título | Nursing 1 |
| Mención de responsabilidad, etc. | Tony Grice and Antoinette Meehan |
| 260 ## - PUBLICACIÓN, DISTRIBUCIÓN, ETC. (PIE DE IMPRENTA) | |
| Lugar de publicación, distribución, etc. | Oxford : |
| Nombre del editor, distribuidor, etc. | Oxford University Press, |
| Fecha de publicación, distribución, etc. | 2007 |
| 300 ## - DESCRIPCIÓN FÍSICA | |
| Extensión | 2 v + |
| Material acompañante/anejo | 1 CD-ROM |
| 490 0# - MENCIÓN DE SERIE | |
| Mención de serie | Oxforf English for Careers |
| 505 0# - NOTA DE CONTENIDO CON FORMATO | |
| Nota de contenido con formato | Student's book -- Teacher's Resource Book |
| 650 10 - PUNTO DE ACCESO ADICIONAL DE MATERIA--TÉRMINO DE MATERIA | |
| Término de materia o nombre geográfico como elemento inicial | Inglés |
| Subdivisión general | Lengua |
| 9 (RLIN) | 543 |
| 650 10 - PUNTO DE ACCESO ADICIONAL DE MATERIA--TÉRMINO DE MATERIA | |
| Término de materia o nombre geográfico como elemento inicial | Enfermería |
| 9 (RLIN) | 86 |
| 655 #4 - TÉRMINO DE INDIZACIÓN--GÉNERO/FORMA | |
| Datos o término principal de género/forma | Estudio y ense�nanza |
| 700 1# - PUNTO DE ACCESO ADICIONAL--NOMBRE DE PERSONA | |
| Nombre de persona | Meehan, Antoinette, |
| Término indicativo de función/relación | coaut |
| 942 ## - ELEMENTOS DE PUNTO DE ACCESO ADICIONAL (KOHA) | |
| Fuente del sistema de clasificación o colocación | Clasificación Decimal Universal |
| Tipo de ítem Koha | Libros |
| Estado de retiro | Estado de pérdida | Fuente del sistema de clasificación o colocación | Estado dañado | Excepción de préstamo | Localización permanente | Ubicación/localización actual | Ubicación en estantería | Fecha de adquisición | Número de inventario | Total de préstamos | Signatura topográfica completa | Código de barras | Fecha visto por última vez | Precio válido a partir de | Tipo de ítem Koha | Código de colección | Fuente de adquisición | Coste, precio normal de compra | Renovaciones totales | Fecha del último préstamo | Coste, precio de reemplazo |
|---|---|---|---|---|---|---|---|---|---|---|---|---|---|---|---|---|---|---|---|---|---|
| Clasificación Decimal Universal | BIBLIOTECA RIOBAMBA | BIBLIOTECA RIOBAMBA | BIBLIOTECA RIOBAMBA | 06/08/2021 | 6673 | 1 | 802.0 GRI | 6673c | 18/02/2021 | 25/09/2019 | Libros | Enfermería | Compra | 1757.00 | 2 | 27/09/2019 | 1757.00 | ||||
| Clasificación Decimal Universal | BIBLIOTECA CENTRAL | BIBLIOTECA CENTRAL | BIBLIOTECA CENTRAL | 05/04/2021 | 3754 | 802.0 GRI | 3754 | 05/04/2021 | 05/04/2021 | CD / DVD | |||||||||||
| Clasificación Decimal Universal | BIBLIOTECA SANTA FE | BIBLIOTECA SANTA FE | BIBLIOTECA SANTA FE | 22/03/2018 | 3911 | 802.0 GRI | 3911c | 22/03/2018 | 22/03/2018 | Libros |

